00540nam a2200181Ia 4500008004100000040001900041041001200060082002800072100001900100245005700119250001700176260003100193300002400224504003400248650003900282700001600321850002100337131103s9999 xx 000 0 und d aLoreto College aEnglish a370.15/CRObLCLIB/21833 aCrow,Lester D. aEducational psychologycLester D.Crow and Alice Crow anew rev. ed. aLondonbVan nostrandc1963 axiv,601 p. c 22cm. aIncludes references and index aEducation - Educational Psychology aCrow; Alice aLCLIB/370.15/CRO